00892 2200289 4500001002100000005001500021035002500036020003900061040001700100041000800117082001400125084001600139090002000155090002100175100003800196245013800234250001100372260003600383300003600419504003100455650001800486850001200504007000300516008004100519999002100560990002100581INLIS00000000003274520190924010644 a0010-121700000000018 a978-602-453-062-4 (ISBN Perpusnas) aYOPDYOGbind aind 223a658.3 a658.3 Nan M aDEP 658.3 Nan M aCB-D.11 2017-728 aNandang Djunaedi,d1955-epenulis aManajemen kinerja :b(dilengkapi dengan suatu penelitian empiris pada guru produktif SMK di Propinsi Jawa Tengah) /cNandang Djunaedi aCet. 1 aYogyakarta :bDeepublish,c2017 avi, 138 hlm. :bilus. ;c25 cm. aBibliografi : hlm. 132-136 aManajemen SDM aYOPDYOGta171208s2017 yoi g ind d aCB-D.11/2017-728 aCB-D.11/2017-728